[Event "CAN-ch"]
[Site "Guelph CAN"]
[Date "2015.07.15"]
[Round "8.6"]
[White "Wang, Richard"]
[Black "Yam, Alex"]
[Result "1-0"]
[WhiteElo "2426"]
[BlackElo "2384"]
[PlyCount "73"]
[GameId "2160767738660454"]
[EventDate "2015.07.10"]
[EventType "swiss"]
[EventRounds "9"]
[EventCountry "CAN"]
[TimeControl "40/5400+30:1800+30"]

1. d4 Nf6 2. Nf3 c5 3. e3 e6 4. Bd3 d5 5. O-O Bd6 6. c4 Nc6 7. Nc3 O-O 8. a3 b6 9. b3 Bb7 10. cxd5 exd5 11. Ne2 Re8 12. Bb2 Rc8 13. Ng3 g6 14. Qe2 Ng4 15. Rad1 Na5 16. Bb5 Re6 17. dxc5 bxc5 18. b4 a6 19. Bd3 c4 20. bxa5 cxd3 21. Qxd3 Rc4 22. Rc1 Qxa5 23. Rxc4 dxc4 24. Qxc4 Bxf3 25. gxf3 Ne5 26. Qc8+ Bf8 27. Rd1 Nxf3+ 28. Kg2 Ne1+ 29. Kh1 Qb6 30. Qc3 Qb7+ 31. e4 f6 32. Rxe1 Rc6 33. Qd4 Bc5 34. Qd8+ Kg7 35. Nh5+ Kh6 36. Bc1+ g5 37. Nxf6 1-0

[Event "CAN-ch"]
[Site "Guelph CAN"]
[Date "2015.07.16"]
[Round "9.4"]
[White "Oussedik, Elias"]
[Black "Wang, Richard"]
[Result "0-1"]
[WhiteElo "2328"]
[BlackElo "2426"]
[PlyCount "60"]
[GameId "2160767908879257"]
[EventDate "2015.07.10"]
[EventType "swiss"]
[EventRounds "9"]
[EventCountry "CAN"]

1. c4 c5 2. Nf3 Nc6 3. d4 cxd4 4. Nxd4 g6 5. g3 Bg7 6. Nb3 d6 7. Bg2 Be6 8. N3d2 Nf6 9. Nc3 Nd7 10. Nd5 Nb6 11. O-O O-O 12. Rb1 Rc8 13. a3 Ne5 14. b3 Nxd5 15. cxd5 Bf5 16. Ne4 Nd7 17. Bb2 Bxb2 18. Rxb2 Qa5 19. a4 Bxe4 20. Bxe4 Qb4 21. Bg2 Rc3 22. Qd2 Rfc8 23. Bh3 f5 24. Bxf5 gxf5 25. Qg5+ Kf8 26. Qh6+ Ke8 27. Qxh7 Qg4 28. h3 Qg5 29. Qh8+ Kf7 30. Qd4 Rxg3+ 0-1

[Event "CYCC U18"]
[Site "Windsor CAN"]
[Date "2015.07.06"]
[Round "1.3"]
[White "Wang, Richard"]
[Black "Leber, Andrew"]
[Result "1-0"]
[WhiteElo "2426"]
[BlackElo "1050"]
[PlyCount "78"]
[GameId "2160767908913027"]
[EventDate "2015.07.06"]
[EventType "tourn"]
[EventRounds "7"]
[EventCountry "CAN"]
[SourceTitle "EXT 2022"]
[Source "ChessBase"]
[SourceDate "2021.10.06"]
[SourceVersion "1"]
[SourceVersionDate "2021.10.06"]
[SourceQuality "1"]

1. c4 e5 2. Nc3 Nf6 3. g3 Bc5 4. Bg2 Nc6 5. e3 d6 6. Nge2 Be6 7. d4 exd4 8. exd4 Bxc4 9. dxc5 dxc5 10. Bxc6+ bxc6 11. Qxd8+ Rxd8 12. Be3 O-O 13. O-O Nd5 14. Rfd1 Nxe3 15. fxe3 Rxd1+ 16. Rxd1 f5 17. Kf2 g5 18. b3 Ba6 19. Na4 c4 20. Nc5 Bb5 21. a4 cxb3 22. axb5 Rb8 23. bxc6 b2 24. Nb7 Re8 25. Rb1 Re6 26. Nd4 Rh6 27. Kg2 f4 28. gxf4 gxf4 29. exf4 Rg6+ 30. Kf3 h5 31. Rxb2 h4 32. f5 Rg1 33. Rg2+ Rxg2 34. Kxg2 Kf7 35. Ne6 a5 36. Nxc7 h3+ 37. Kxh3 Ke7 38. Nd5+ Ke8 39. Nd6+ Kf8 1-0

[Event "CYCC U18"]
[Site "Windsor CAN"]
[Date "2015.07.07"]
[Round "2.3"]
[White "Othman, Gaffar"]
[Black "Wang, Richard"]
[Result "0-1"]
[WhiteElo "1183"]
[BlackElo "2426"]
[PlyCount "62"]
[GameId "2160767908913032"]
[EventDate "2015.07.06"]
[EventType "tourn"]
[EventRounds "7"]
[EventCountry "CAN"]
[SourceTitle "EXT 2022"]
[Source "ChessBase"]
[SourceDate "2021.10.06"]
[SourceVersion "1"]
[SourceVersionDate "2021.10.06"]
[SourceQuality "1"]

1. e4 c5 2. f4 e6 3. e5 d5 4. c3 Nc6 5. Bb5 Bd7 6. b3 Nxe5 7. fxe5 Bxb5 8. Nf3 Ne7 9. d3 Ng6 10. Be3 Qc7 11. d4 cxd4 12. Qxd4 b6 13. b4 Be7 14. a4 Bc6 15. O-O f6 16. Bf4 Nxf4 17. Qxf4 O-O 18. Re1 Rae8 19. Nd4 Bd7 20. Re3 fxe5 21. Qxe5 Bd6 22. Qh5 Bxh2+ 23. Qxh2 Rf1+ 24. Kxf1 Qxh2 25. b5 Qf4+ 26. Rf3 Qc1+ 27. Ke2 Qb2+ 28. Nc2 Qxc2+ 29. Ke3 e5 30. Nd2 Qxc3+ 31. Ke2 Qxa1 0-1

[Event "CYCC U18"]
[Site "Windsor CAN"]
[Date "2015.07.07"]
[Round "3.2"]
[White "Wang, Richard"]
[Black "Song, Ziyuan"]
[Result "1-0"]
[WhiteElo "2426"]
[BlackElo "2211"]
[PlyCount "75"]
[GameId "2160767908913036"]
[EventDate "2015.07.06"]
[EventType "tourn"]
[EventRounds "7"]
[EventCountry "CAN"]
[SourceTitle "EXT 2022"]
[Source "ChessBase"]
[SourceDate "2021.10.06"]
[SourceVersion "1"]
[SourceVersionDate "2021.10.06"]
[SourceQuality "1"]

1. d4 Nf6 2. Nf3 e6 3. e3 d5 4. Bd3 c5 5. b3 Nc6 6. O-O Bd6 7. Bb2 b6 8. Ne5 Bb7 9. a3 O-O 10. f4 Rc8 11. Nd2 a6 12. Qf3 b5 13. dxc5 Bxc5 14. b4 Bb6 15. Qh3 Nxe5 16. Bxe5 Ne4 17. Rad1 Qe7 18. Bd6 Bxe3+ 19. Kh1 Qf6 20. Bxe4 dxe4 21. Qxe3 Rfd8 22. Be5 Qg6 23. Nb3 Rxd1 24. Rxd1 Qg4 25. Rd2 f6 26. Bc3 Rxc3 27. Qxc3 Qxf4 28. Kg1 Bd5 29. Re2 f5 30. Qe3 Qe5 31. Qd4 Qf4 32. Re3 Bc4 33. Nd2 Bd5 34. Rg3 g5 35. Qe3 Qxe3+ 36. Rxe3 f4 37. Rxe4 Bxe4 38. Nxe4 1-0

[Event "CYCC U18"]
[Site "Windsor CAN"]
[Date "2015.07.08"]
[Round "4.4"]
[White "Kalra, Agastya"]
[Black "Wang, Richard"]
[Result "1/2-1/2"]
[WhiteElo "2081"]
[BlackElo "2426"]
[PlyCount "166"]
[GameId "2160767908913043"]
[EventDate "2015.07.06"]
[EventType "tourn"]
[EventRounds "7"]
[EventCountry "CAN"]
[SourceTitle "EXT 2022"]
[Source "ChessBase"]
[SourceDate "2021.10.06"]
[SourceVersion "1"]
[SourceVersionDate "2021.10.06"]
[SourceQuality "1"]

1. e4 c6 2. d4 d5 3. Nc3 dxe4 4. Nxe4 Bf5 5. Ng3 Bg6 6. Nf3 Nd7 7. h4 h6 8. h5 Bh7 9. Bd3 Bxd3 10. Qxd3 e6 11. Bf4 Qa5+ 12. Bd2 Bb4 13. c3 Be7 14. c4 Qc7 15. O-O Ngf6 16. Rfe1 O-O 17. Ne5 Rad8 18. Qf3 Nxe5 19. dxe5 Rxd2 20. exf6 Bxf6 21. Ne4 Rd4 22. Nxf6+ gxf6 23. Qxf6 Qf4 24. Qxf4 Rxf4 25. b3 Rd8 26. Rad1 Rfd4 27. Rxd4 Rxd4 28. Re5 Kg7 29. g3 Kf6 30. Re3 e5 31. Kg2 Kf5 32. a4 a5 33. Kf3 f6 34. Ke2 Kg4 35. Rc3 Kxh5 36. Rc1 Kg5 37. Ke3 c5 38. Rg1 e4 39. g4 f5 40. gxf5+ Kxf5 41. Rh1 Rd3+ 42. Ke2 Rxb3 43. Rh5+ Kf4 44. Rxc5 Rb2+ 45. Kf1 e3 46. fxe3+ Kxe3 47. Rxa5 Rb1+ 48. Kg2 Kd4 49. Rh5 Rb6 50. Rh4+ Kc5 51. Kf3 Re6 52. Kf4 Ra6 53. Ke3 Rd6 54. Ke2 Kb4 55. Ke3 Rg6 56. Kd4 Rd6+ 57. Ke3 Re6+ 58. Kd4 Rc6 59. Kd3 Kxa4 60. Kc3 Ka5 61. Rh5+ Kb6 62. Kd4 Rd6+ 63. Kc3 Kc6 64. Kb4 Rf6 65. Rc5+ Kd7 66. Rb5 Kc7 67. Rh5 Rb6+ 68. Kc3 Kd7 69. Kd4 Ke7 70. Kc5 Rc6+ 71. Kd4 Rb6 72. Kc5 Rg6 73. Kd4 Kf6 74. Rh1 Kg5 75. Rg1+ Kf5 76. Rf1+ Ke6 77. Rb1 Rg4+ 78. Kd3 Rg7 79. Rb6+ Ke5 80. Rxh6 Rg3+ 81. Kc2 Kd4 82. Rb6 Rg7 83. Kb3 Rg3+ 1/2-1/2

[Event "CYCC U18"]
[Site "Windsor CAN"]
[Date "2015.07.08"]
[Round "5.1"]
[White "Wang, Richard"]
[Black "Song, Guannan Terry"]
[Result "1/2-1/2"]
[WhiteElo "2426"]
[BlackElo "2202"]
[PlyCount "23"]
[GameId "2160767908913044"]
[EventDate "2015.07.06"]
[EventType "tourn"]
[EventRounds "7"]
[EventCountry "CAN"]
[SourceTitle "EXT 2022"]
[Source "ChessBase"]
[SourceDate "2021.10.06"]
[SourceVersion "1"]
[SourceVersionDate "2021.10.06"]
[SourceQuality "1"]

1. d4 Nf6 2. Nf3 c5 3. e3 g6 4. Bd3 Bg7 5. O-O O-O 6. b3 cxd4 7. exd4 Nc6 8. a3 d5 9. Bb2 Ne4 10. c4 Bg4 11. Be2 dxc4 12. bxc4 1/2-1/2

[Event "CYCC U18"]
[Site "Windsor CAN"]
[Date "2015.07.09"]
[Round "6.4"]
[White "Wang, Richard"]
[Black "Hunter, Harold"]
[Result "1-0"]
[WhiteElo "2426"]
[BlackElo "1554"]
[PlyCount "57"]
[GameId "2160767908913053"]
[EventDate "2015.07.06"]
[EventType "tourn"]
[EventRounds "7"]
[EventCountry "CAN"]
[SourceTitle "EXT 2022"]
[Source "ChessBase"]
[SourceDate "2021.10.06"]
[SourceVersion "1"]
[SourceVersionDate "2021.10.06"]
[SourceQuality "1"]

1. d4 Nf6 2. Nf3 e6 3. e3 b6 4. Bd3 Bb7 5. O-O c5 6. c4 Be7 7. Nc3 O-O 8. d5 exd5 9. cxd5 d6 10. e4 Nbd7 11. h3 a6 12. a4 Re8 13. Nd2 Bf8 14. f4 g6 15. Nc4 Qc7 16. Qf3 Bg7 17. Be3 Nh5 18. g4 Bxc3 19. bxc3 Nhf6 20. Nd2 b5 21. axb5 axb5 22. g5 Nh5 23. Bxb5 Rxa1 24. Rxa1 Ra8 25. Qd1 Nb6 26. Be2 Ng7 27. Rxa8+ Nxa8 28. Qa4 Qb8 29. Nc4 1-0

[Event "CYCC U18"]
[Site "Windsor CAN"]
[Date "2015.07.09"]
[Round "7.2"]
[White "Johnson, Nicholas1"]
[Black "Wang, Richard"]
[Result "0-1"]
[WhiteElo "1882"]
[BlackElo "2426"]
[PlyCount "86"]
[GameId "2160767908913056"]
[EventDate "2015.07.06"]
[EventType "tourn"]
[EventRounds "7"]
[EventCountry "CAN"]
[SourceTitle "EXT 2022"]
[Source "ChessBase"]
[SourceDate "2021.10.06"]
[SourceVersion "1"]
[SourceVersionDate "2021.10.06"]
[SourceQuality "1"]

1. c4 c5 2. g3 g6 3. Bg2 Bg7 4. Nc3 Nc6 5. Nf3 d6 6. O-O Qd7 7. d3 b6 8. Bd2 Bb7 9. a3 e6 10. Rb1 Nge7 11. b4 O-O 12. e3 h6 13. Qe2 f5 14. Nb5 g5 15. Rfd1 e5 16. Nc3 f4 17. b5 Nd8 18. exf4 exf4 19. gxf4 Ng6 20. Nd5 Ne6 21. fxg5 Bxd5 22. cxd5 Nef4 23. Bxf4 Nxf4 24. Qf1 hxg5 25. Nxg5 Qg4 26. Ne4 Be5 27. Rd2 Nh3+ 28. Kh1 Qf4 29. Ng3 Nxf2+ 30. Rxf2 Qxf2 31. Ne4 Qxf1+ 32. Rxf1 a6 33. a4 axb5 34. axb5 Rxf1+ 35. Bxf1 Ra2 36. h3 Kf7 37. Kg1 Ke7 38. Kh1 Rb2 39. Kg1 Bd4+ 40. Kh1 Rxb5 41. Kg2 Rb2+ 42. Kf3 b5 43. h4 b4 0-1

[Event "Alberta Closed"]
[Site "Calgary CAN"]
[Date "2015.04.03"]
[Round "1.3"]
[White "Kazmaier, Daniel"]
[Black "Wang, Richard"]
[Result "0-1"]
[WhiteElo "2312"]
[BlackElo "2401"]
[PlyCount "116"]
[GameId "2160767908951192"]
[EventDate "2015.04.03"]
[EventType "tourn"]
[EventRounds "5"]
[EventCountry "CAN"]

1. d4 d5 2. c4 c6 3. Nf3 Nf6 4. Qb3 dxc4 5. Qxc4 Bg4 6. Nc3 Nbd7 7. e4 e5 8. Nxe5 Nxe5 9. dxe5 Be6 10. Qd3 Ng4 11. Qxd8+ Rxd8 12. f4 Bc5 13. Be2 Ne3 14. Bxe3 Bxe3 15. g3 h5 16. h4 Ke7 17. Rf1 Bh3 18. Rf3 Bd2+ 19. Kf2 Bg4 20. Rd3 Rxd3 21. Bxd3 Rd8 22. Bf1 Bxc3 23. bxc3 Rd2+ 24. Ke3 Rc2 25. c4 g6 26. a4 Kd7 27. a5 c5 28. Ra3 Kc7 29. Ra1 Kc6 30. Ra3 Kc7 31. Ra1 a6 32. Ra3 Rb2 33. Ra1 b6 34. axb6+ Kxb6 35. Ra3 a5 36. Ra1 Ka6 37. Ra3 Rh2 38. Rd3 a4 39. Rd2 Rh1 40. Bd3 Ka5 41. f5 gxf5 42. exf5 Re1+ 43. Kf4 Kb4 44. Rf2 a3 45. Be4 Kb3 46. Bc2+ Kxc4 47. Be4 Be2 48. Bb1 Rxb1 49. Rxe2 Rb8 50. Ke4 Kb3 51. Re3+ Kb4 52. Kd5 Rd8+ 53. Kc6 a2 54. Re1 Ra8 55. Ra1 c4 56. e6 fxe6 57. fxe6 Kb3 58. Kc5 c3 0-1

[Event "Alberta Closed"]
[Site "Calgary CAN"]
[Date "2015.04.04"]
[Round "3.3"]
[White "Wang, Richard"]
[Black "Ng, Gary"]
[Result "1-0"]
[WhiteElo "2401"]
[BlackElo "2320"]
[PlyCount "109"]
[GameId "2160767908951196"]
[EventDate "2015.04.03"]
[EventType "tourn"]
[EventRounds "5"]
[EventCountry "CAN"]

1. e4 c6 2. d4 d5 3. e5 Bf5 4. Nf3 e6 5. Nbd2 c5 6. dxc5 Bxc5 7. Nb3 Be7 8. Nbd4 Be4 9. Bb5+ Nd7 10. O-O a6 11. Be2 g5 12. Be3 g4 13. Nd2 Nxe5 14. Nxe4 dxe4 15. Bxg4 Nf6 16. Be2 Qc7 17. c3 O-O-O 18. h3 Rhg8 19. Qa4 Nd5 20. Qc2 Nxe3 21. fxe3 Bg5 22. Kh1 Rde8 23. Qxe4 f5 24. Qc2 Bxe3 25. Qb3 Qg7 26. Rg1 Bxg1 27. Rxg1 Qd7 28. Bh5 Ng6 29. Re1 e5 30. Nxf5 Kb8 31. Bf3 Rgf8 32. Rd1 Qb5 33. Qxb5 axb5 34. Nd6 Rd8 35. Kg1 Nh4 36. Be2 Nf5 37. Nxb5 Rxd1+ 38. Bxd1 Rd8 39. Bc2 Nd6 40. Nxd6 Rxd6 41. Bxh7 Kc7 42. Be4 Rd2 43. h4 Re2 44. Bd3 Rd2 45. Be4 Re2 46. Bd3 Rd2 47. Bf5 Kd6 48. g4 Rxb2 49. g5 Ke7 50. h5 Rxa2 51. h6 Kf8 52. g6 Ra6 53. Kg2 Rd6 54. Kf3 Rc6 55. Ke4 1-0

[Event "Alberta Closed"]
[Site "Calgary CAN"]
[Date "2015.04.05"]
[Round "4.2"]
[White "Yam, Alex"]
[Black "Wang, Richard"]
[Result "1/2-1/2"]
[WhiteElo "2367"]
[BlackElo "2401"]
[PlyCount "109"]
[GameId "2160767908951197"]
[EventDate "2015.04.03"]
[EventType "tourn"]
[EventRounds "5"]
[EventCountry "CAN"]

1. e4 e6 2. d3 d5 3. Nd2 Nc6 4. Ngf3 Nf6 5. c3 e5 6. Be2 a5 7. a4 dxe4 8. dxe4 Bc5 9. O-O O-O 10. Qc2 Qe7 11. Nc4 Rd8 12. Bg5 h6 13. Be3 Bxe3 14. Nxe3 Be6 15. Bc4 Bxc4 16. Nxc4 Qc5 17. Qb3 Nxe4 18. Rae1 Qd5 19. Qb5 f5 20. Re3 Rab8 21. h3 Qe6 22. g4 fxg4 23. Rxe4 gxf3 24. Kh2 h5 25. Rg1 Qf5 26. Qb3 Kh7 27. Qc2 g6 28. h4 Qd7 29. Rxg6 Kxg6 30. Rg4+ Kf7 31. Qg6+ Ke7 32. Qg7+ Ke6 33. Qg6+ Ke7 34. Qg7+ Ke6 35. Qg6+ Kd5 36. Qe4+ Kc5 37. Qe3+ Nd4 38. Qxe5+ Qd5 39. Qe7+ Kxc4 40. Rxd4+ Qxd4 41. cxd4 Kxd4 42. Qe3+ Kd5 43. Qxf3+ Kd6 44. Qf6+ Kd7 45. Qf7+ Kd6 46. Qf6+ Kd7 47. Qf5+ Kd6 48. Qxh5 b6 49. Qg6+ Kd7 50. f4 Rg8 51. Qf5+ Kc6 52. Qe4+ Kd6 53. Qe5+ Kc6 54. Qe4+ Kd6 55. Qd4+ 1/2-1/2

[Event "Alberta Closed"]
[Site "Calgary CAN"]
[Date "2015.04.05"]
[Round "5.2"]
[White "Wang, Richard"]
[Black "Porper, Edward"]
[Result "1-0"]
[WhiteElo "2401"]
[BlackElo "2492"]
[PlyCount "77"]
[GameId "2160767908951199"]
[EventDate "2015.04.03"]
[EventType "tourn"]
[EventRounds "5"]
[EventCountry "CAN"]

1. d4 d6 2. c4 e5 3. e3 Nd7 4. Nc3 Ngf6 5. Nf3 g6 6. Be2 Bg7 7. O-O O-O 8. Rb1 Re8 9. b4 e4 10. Nd2 Nf8 11. f3 exf3 12. Bxf3 Ne6 13. Bb2 Ng5 14. e4 h5 15. h3 c5 16. dxc5 dxc5 17. e5 Rxe5 18. Nd5 Nxd5 19. Bxd5 Rf5 20. Bxg7 Kxg7 21. bxc5 Qe7 22. Nb3 Qe3+ 23. Kh1 Ne4 24. Bxe4 Qxe4 25. Re1 Qxc4 26. Re8 Rd5 27. Qe1 Qd3 28. Rc1 Rd7 29. c6 Rd5 30. c7 b6 31. Qe7 Rf5 32. Qf8+ Kf6 33. Qe7+ Kg7 34. h4 Rf1+ 35. Kh2 Be6 36. Qf8+ Kf6 37. Qe7+ Kg7 38. Rxa8 Rxc1 39. Qf8+ 1-0

[Event "Alberta-ch"]
[Site "Calgary CAN"]
[Date "2015.04.04"]
[Round "2"]
[White "Arruebarrena, Rafael"]
[Black "Wang, Richard"]
[Result "1/2-1/2"]
[WhiteElo "2250"]
[BlackElo "2368"]
[PlyCount "136"]
[GameId "2160767908951202"]
[EventDate "2015.04.03"]
[EventType "tourn"]
[EventRounds "5"]
[EventCountry "CAN"]
[SourceTitle "EXT 2017"]
[Source "ChessBase"]
[SourceDate "2016.10.25"]
[SourceVersion "1"]
[SourceVersionDate "2016.10.25"]
[SourceQuality "1"]

1. e4 c5 2. Nf3 g6 3. d4 cxd4 4. Nxd4 Nc6 5. c4 Nf6 6. Nc3 Nxd4 7. Qxd4 d6 8. Be3 Bg7 9. Be2 O-O 10. Qd2 Bd7 11. f3 a5 12. b3 Bc6 13. Rb1 Nd7 14. O-O Rc8 15. Rfd1 f5 16. exf5 Rxf5 17. Bd3 Rf8 18. Be4 Bxc3 19. Qxc3 Bxe4 20. fxe4 Qc7 21. Qd4 Nf6 22. h3 Rfd8 23. Qb6 Nd7 24. Qxc7 Rxc7 25. e5 Rc6 26. exd6 exd6 27. Rd5 b6 28. Rbd1 Nc5 29. Bf4 Nb7 30. Re1 Kf7 31. Rd2 Re8 32. Rf1 Kg7 33. Bg5 Nc5 34. Rdf2 Rc7 35. Bf6+ Kg8 36. Bd4 Rce7 37. Rf6 Ne4 38. R6f4 Ng3 39. Bxb6 Ne2+ 40. Kh2 Nxf4 41. Rxf4 Re2 42. Bxa5 Rxa2 43. Bb4 Ree2 44. Rg4 Ra6 45. Rd4 Raa2 46. Rg4 Rab2 47. Rg3 Re6 48. Rd3 Ree2 49. Rg3 Rb1 50. Bxd6 Reb2 51. c5 Rxb3 52. Rxb3 Rxb3 53. c6 Rc3 54. c7 Kf7 55. Kg1 Ke6 56. Bh2 Rc2 57. Kf1 Kd5 58. Ke1 Ke4 59. Kd1 Kd3 60. h4 h6 61. Bg3 Rc6 62. Bf4 Rc4 63. g3 Rc6 64. Ke1 Ke4 65. Ke2 Rc4 66. Kd2 g5 67. hxg5 hxg5 68. Bxg5 Rxc7 1/2-1/2

[Event "Northern Alberta op"]
[Site "Edmonton CAN"]
[Date "2015.02.14"]
[Round "1"]
[White "Dave, Bhavik"]
[Black "Wang, Richard"]
[Result "0-1"]
[WhiteElo "1535"]
[BlackElo "2373"]
[PlyCount "42"]
[GameId "2160767908976484"]
[EventDate "2015.02.14"]
[EventType "swiss"]
[EventRounds "5"]
[EventCountry "CAN"]
[SourceTitle "EXT 2017"]
[Source "ChessBase"]
[SourceDate "2016.10.25"]
[SourceVersion "1"]
[SourceVersionDate "2016.10.25"]
[SourceQuality "1"]

1. d4 d5 2. c4 c6 3. Nf3 Nf6 4. Nc3 dxc4 5. a4 Bf5 6. e3 e6 7. Bxc4 Bb4 8. O-O O-O 9. Bd3 Bxd3 10. Qxd3 Nbd7 11. Rd1 Qe7 12. b3 e5 13. dxe5 Nxe5 14. Nxe5 Rad8 15. Nxc6 bxc6 16. Qc2 Bxc3 17. Rxd8 Rxd8 18. Ba3 Qe5 19. Rc1 Rd2 20. Qb1 Ng4 21. g3 Nxf2 0-1

[Event "Northern Alberta op"]
[Site "Edmonton CAN"]
[Date "2015.02.14"]
[Round "2.1"]
[White "Wang, Richard"]
[Black "Gold, Itohan"]
[Result "0-1"]
[WhiteElo "2373"]
[BlackElo "1975"]
[PlyCount "52"]
[GameId "2160767908976496"]
[EventDate "2015.02.14"]
[EventType "swiss"]
[EventRounds "5"]
[EventCountry "CAN"]

1. d4 d5 2. Nf3 Nf6 3. e3 e6 4. Bd3 Be7 5. O-O O-O 6. b3 c5 7. Bb2 Nc6 8. a3 cxd4 9. exd4 a6 10. Qe2 b5 11. Ne5 Bb7 12. f4 g6 13. Nd2 Qb6 14. Ndf3 Rac8 15. Rae1 Rfe8 16. Kh1 Ne4 17. Bxe4 dxe4 18. Qxe4 Nb4 19. Nd7 Qc7 20. d5 Nxc2 21. Rd1 Qxd7 22. Ne5 Bxd5 23. Qe2 Qb7 24. Ng4 Bxg2+ 25. Qxg2 Qxg2+ 26. Kxg2 h5 0-1

[Event "Northern Alberta op"]
[Site "Edmonton CAN"]
[Date "2015.02.15"]
[Round "4.3"]
[White "Wang, Richard"]
[Black "Razzaq, Ali"]
[Result "1-0"]
[WhiteElo "2373"]
[BlackElo "1845"]
[PlyCount "77"]
[GameId "2160767908976513"]
[EventDate "2015.02.14"]
[EventType "swiss"]
[EventRounds "5"]
[EventCountry "CAN"]

1. d4 d5 2. Nf3 Nf6 3. c4 e6 4. g3 Be7 5. Bg2 O-O 6. O-O dxc4 7. Qa4 a6 8. Qxc4 b5 9. Qc2 Bb7 10. Bd2 Ra7 11. Rc1 Be4 12. Qb3 Nc6 13. e3 Bd5 14. Qc2 Qa8 15. Ne1 Nb4 16. Bxb4 Bxb4 17. Bxd5 Qxd5 18. Nd3 Bd6 19. Qc6 Qh5 20. Nd2 Qe2 21. Qc2 h5 22. Re1 Qg4 23. e4 Nh7 24. Qd1 Ng5 25. f3 Nh3+ 26. Kg2 Qg6 27. Kxh3 h4 28. f4 f5 29. e5 Be7 30. Kg2 Rd8 31. Nf3 c5 32. Qc2 Qg4 33. Nxc5 hxg3 34. hxg3 Bxc5 35. Qxc5 Rad7 36. Rad1 Rd5 37. Qc6 Qg6 38. Ng5 Rxd4 39. Rxd4 1-0

[Event "Northern Alberta op"]
[Site "Edmonton CAN"]
[Date "2015.02.15"]
[Round "5.2"]
[White "Miller, David"]
[Black "Wang, Richard"]
[Result "0-1"]
[WhiteElo "2064"]
[BlackElo "2373"]
[PlyCount "66"]
[GameId "2160767908976520"]
[EventDate "2015.02.14"]
[EventType "swiss"]
[EventRounds "5"]
[EventCountry "CAN"]

1. e4 e6 2. d4 d5 3. Nc3 Bb4 4. e5 c5 5. a3 Bxc3+ 6. bxc3 Qa5 7. Bd2 Qa4 8. Qg4 Kf8 9. Qd1 b6 10. f4 Nc6 11. Nf3 Nge7 12. Qb1 Ba6 13. Bxa6 Qxa6 14. a4 Qc4 15. Qb5 cxd4 16. Qxc4 dxc4 17. cxd4 Nd5 18. c3 h5 19. g3 Ke7 20. Kd1 Na5 21. Kc2 a6 22. Ng5 Nb3 23. Ra2 h4 24. g4 b5 25. Rf1 b4 26. Rf3 Nxd2 27. Kxd2 Nxc3 28. Rb2 Nd5 29. Rb1 f5 30. Rg1 g6 31. gxf5 gxf5 32. Rf2 Rhg8 33. Ke2 b3 0-1

[Event "Edmonton-ch"]
[Site "Edmonton CAN"]
[Date "2015.01.08"]
[Round "1.1"]
[White "Young, Joseph"]
[Black "Wang, Richard"]
[Result "1-0"]
[WhiteElo "1898"]
[BlackElo "2373"]
[PlyCount "57"]
[GameId "2160767908985048"]
[EventDate "2015.01.08"]
[EventType "k.o."]
[EventCountry "CAN"]
[SourceTitle "EXT 2019"]
[Source "ChessBase"]
[SourceDate "2018.10.10"]
[SourceVersion "1"]
[SourceVersionDate "2018.10.10"]
[SourceQuality "1"]

1. Nf3 d5 2. d4 Nf6 3. Bf4 c5 4. e3 Nc6 5. Be2 Bf5 6. O-O e6 7. c3 Qb6 8. b3 Be7 9. Nh4 Bxb1 10. Qxb1 Ne4 11. Nf3 g5 12. Be5 Nxe5 13. dxe5 g4 14. Ne1 Nd2 15. Qd3 Nxf1 16. Kxf1 h5 17. e4 O-O-O 18. exd5 Rxd5 19. Qe4 Qa5 20. b4 cxb4 21. cxb4 Qxb4 22. Bc4 Rc5 23. Bxe6+ fxe6 24. Qxb4 Rd8 25. Rb1 b6 26. Qe4 Rcd5 27. Qh7 Bc5 28. Rb2 Kb8 29. Re2 1-0

[Event "Edmonton-ch"]
[Site "Edmonton CAN"]
[Date "2015.01.15"]
[Round "1.2"]
[White "Wang, Richard"]
[Black "Young, Joseph"]
[Result "1-0"]
[WhiteElo "2373"]
[BlackElo "1898"]
[PlyCount "79"]
[GameId "2160767908985057"]
[EventDate "2015.01.08"]
[EventType "k.o."]
[EventCountry "CAN"]
[SourceTitle "EXT 2019"]
[Source "ChessBase"]
[SourceDate "2018.10.10"]
[SourceVersion "1"]
[SourceVersionDate "2018.10.10"]
[SourceQuality "1"]

1. d4 d5 2. Nf3 e6 3. e3 f5 4. c4 c6 5. Bd3 Nf6 6. O-O Bd6 7. b3 Ne4 8. Ba3 Bxa3 9. Nxa3 Nd7 10. b4 O-O 11. Ne5 Qh4 12. f3 Nef6 13. g3 Qh6 14. Qe2 a5 15. b5 c5 16. cxd5 Nxd5 17. Nac4 cxd4 18. exd4 Nb4 19. Nd6 Nxe5 20. dxe5 f4 21. Be4 Nd5 22. Bxd5 exd5 23. g4 b6 24. Rac1 Qe6 25. Nf5 Bb7 26. Rc7 Bc8 27. Rxg7+ Kh8 28. Rc7 Bd7 29. Nd4 Qe7 30. e6 Qf6 31. Qd3 Rg8 32. Rxd7 Rg7 33. Rxg7 Qxg7 34. Re1 h5 35. Nf5 Qg6 36. Qd4+ Kh7 37. h3 hxg4 38. hxg4 Re8 39. e7 Kg8 40. Re6 1-0

[Event "Edmonton-ch"]
[Site "Edmonton CAN"]
[Date "2015.01.17"]
[Round "1.3"]
[White "Wang, Richard"]
[Black "Young, Joseph"]
[Result "1-0"]
[WhiteElo "2373"]
[BlackElo "1898"]
[PlyCount "63"]
[GameId "2160767908985058"]
[EventDate "2015.01.08"]
[EventType "k.o."]
[EventCountry "CAN"]
[SourceTitle "EXT 2019"]
[Source "ChessBase"]
[SourceDate "2018.10.10"]
[SourceVersion "1"]
[SourceVersionDate "2018.10.10"]
[SourceQuality "1"]

1. d4 Nf6 2. Nf3 c5 3. e3 d5 4. c4 cxd4 5. exd4 e6 6. Nc3 Be7 7. Bd3 Nc6 8. c5 Bd7 9. a3 a5 10. Na4 O-O 11. Nb6 Ra7 12. O-O Ne4 13. Bb5 f5 14. Nxd7 Qxd7 15. Ne5 Qe8 16. f3 Nf6 17. Qa4 Qh5 18. Bxc6 bxc6 19. Nxc6 Rc7 20. Bf4 Rb7 21. Nxe7+ Rxe7 22. Bd6 Rb7 23. Bxf8 Kxf8 24. c6 Rc7 25. Rac1 Qg5 26. Qxa5 Ne8 27. f4 Qg4 28. Qc5+ Kg8 29. Rce1 Nf6 30. Rxe6 Ne4 31. Qxd5 Kf7 32. Rxe4+ 1-0

[Event "Edmonton-ch"]
[Site "Edmonton CAN"]
[Date "2015.01.17"]
[Round "1.4"]
[White "Young, Joseph"]
[Black "Wang, Richard"]
[Result "0-1"]
[WhiteElo "1898"]
[BlackElo "2373"]
[PlyCount "58"]
[GameId "2160767908985061"]
[EventDate "2015.01.08"]
[EventType "k.o."]
[EventCountry "CAN"]
[SourceTitle "EXT 2019"]
[Source "ChessBase"]
[SourceDate "2018.10.10"]
[SourceVersion "1"]
[SourceVersionDate "2018.10.10"]
[SourceQuality "1"]

1. d4 d5 2. Nf3 Nf6 3. Bf4 c5 4. e3 Nc6 5. c3 Qb6 6. Qc2 Bf5 7. Qc1 e6 8. Be2 Nh5 9. Bg3 Nxg3 10. hxg3 h6 11. Qd2 Be7 12. O-O O-O 13. dxc5 Qxc5 14. Nd4 Nxd4 15. exd4 Qb6 16. g4 Bg6 17. Na3 Bxa3 18. bxa3 Rac8 19. g5 hxg5 20. Qxg5 Rxc3 21. Bh5 Bxh5 22. Qxh5 Qxd4 23. Rad1 Qf6 24. Rb1 b6 25. Rb5 g6 26. Qh6 Rc4 27. Rb3 Rh4 28. Qe3 Qf4 29. Qc3 Qh2# 0-1